000 00571nam a22001817a 4500
005 20240201142853.0
008 240201b |||||||| |||| 00| 0 eng d
020 _a9780702185908
041 _aEnglish
082 _a347.7 MOS
100 _aMostert, H
_lEnglish
245 _aMineral Law :
_bPrinciples and Policies in Perspective /
_cH Mostert
250 _aFirst Edition
260 _aCape Town :
_bJuta and Company Ltd,
_c2012
300 _bxxviii, 181 pages ;
_c25,5 cm.
650 _aLegal practice
_bLaw
942 _cBK
_6ALISON_BN_VRIES
999 _c1324
_d1324